| 000 | 01183nam a2200217Ia 4500 | ||
|---|---|---|---|
| 999 |
_c7851 _d7851 |
||
| 005 | 20230418164602.0 | ||
| 008 | 230418s9999 xx 000 0 und d | ||
| 020 | _a968-451-198-1 | ||
| 040 |
_aUPAN _cBiblioteca San Vicente _eRCAA2 |
||
| 041 | _aspa | ||
| 082 |
_a330.1 _bS182m |
||
| 100 |
_aSalvatore, Dominick _4aut. |
||
| 245 | 0 |
_aTeoría y problemas de Microeconomía/ _cDominic Salvatore; Jorge Cárdenas Nannetti |
|
| 250 | _a1ª ed. | ||
| 260 |
_aColombia: _bMcGraw Hill, _c1976 |
||
| 300 |
_a279 p.; _c28 cm. |
||
| 505 | _a1. Introducción. 2. Demanda, Oferta y equilibrio: Consideraciones generales 3. Medida de la elasticidad 4. Demanda del consumidor: teoría de la utilidad 5. Demanda del consumidor: teoría de las curvas de indiferencias 6. Teoría de la producción 7. Costos de producción 8. Precio y producto bajo competencia perfecta 9. Precio y producto bajo monopolio puro 10. Precio y producto bajo competencia monopolista y oligopolio 11. Fijación de precios y empleo de los factores de producción 12. Equilibrio general y economía del bienestar | ||
| 650 |
_2LEMB _xEconomía - Teoría |
||
| 650 |
_2LEMB _xPrecios |
||
| 942 |
_cBK _2ddc |
||